00610nam a2200193 a 4500008004100000020002200041245011100063260005100174300001200225300003200237504004100269500002000310650002700330700001500357700001700372003000100389005001700390040000900407  a0521275946 (pbk.)10aReproduction in mammals :book 3, Hormonal control of reproduction/cedited by C. R. Austin and R. V. Sort. aNew York :bCambridge University Press,c1984. a2nd ed. axi, 244 p. :bill. ;c23cm. aInculdes bibliographical references. aIncludes index. 1aMammals-Reproduction.  aSort, R.V. aAustin, C.R.20230123134159.0 cNUST